海に面していない市町村(五府県版) - Statistics

General Stats
  • This quiz has been taken 22 times
  • The average score is 14 of 20
Answers on the Grid
Answers color-coded by a green-red scale on the quiz's grid according to % correct below.
朝来市
養父市
上郡町
三木市
香美町
たつの市
豊川市
弥富市
岡崎市
春日井市
あま市
蟹江町
伊根町
宮津市
綾部市
八幡市
京丹波町
南丹市
高石市
泉南市
和泉市
熊取町
大東市
河南町
玉野市
笠岡市
総社市
和気町
鏡野市
井原市
 
Answer Stats
Answer % Correct
養父市
84%
三木市
79%
岡崎市
79%
八幡市
79%
京丹波町
79%
南丹市
79%
大東市
79%
総社市
79%
朝来市
74%
春日井市
74%
あま市
74%
井原市
74%
上郡町
68%
熊取町
68%
綾部市
63%
河南町
63%
和気町
63%
和泉市
58%
蟹江町
53%
鏡野市
53%
No matching quizzes found
Score Distribution
Percent of People with Each Score
Percentile by Number Answered
Your Score History
You have not taken this quiz